000 00442pab a2200169 454500
008 180718b2012 xxu||||| |||| 00| 0 eng d
100 _aMisra, Pradeep Kumar
245 _aPromoting e-governance culture in institution of higher education: Why and how
260 _c2012
300 _ap.22-26.
362 _a12 Nov
650 _aHigher education
650 _aE governance
773 _aUniversity News
908 _aN
909 _a97989
999 _c97988
_d97988